| 000 | 00620nam a2200193Ia 4500 | ||
|---|---|---|---|
| 003 | LK-CoDNM | ||
| 005 | 20240206092957.0 | ||
| 008 | 010623t1914 xxu||||| |||| 00| 1 sin d | ||
| 040 |
_aLK-CoDNM _dLK-CoDNM _eLK-CoDNM |
||
| 041 | _asin | ||
| 080 |
_a104 _bQ 30 |
||
| 100 | _aRevata Thera,B | ||
| 245 | _aශබ්දාර්ථරතනාකරය හෙවත් සිංහල මහා අකාරාදිය | ||
| 246 | _aSabdartha Ratnakara or the Standard Sinhalese Dictionary.Part II | ||
| 260 |
_bT.Wijesuriya _aColombo _c1914 |
||
| 300 | _b69p., 21 cm | ||
| 650 | _aSinhalese Dictionary | ||
| 942 | _cBK | ||
| 999 |
_c88268 _d88268 |
||